Statistiques concernant Culture Générale - Série 662

Cliquez ici pour prendre le quiz!

Statistiques générales

  • Ce quiz a été pris 67 fois
  • Le résultat moyen est 8 sur 10

Statistiques - réponses

QuestionRéponse% Correct
Dans le fameux conte, de quel animal "les trois petits cochons" tentent-ils de se protéger en construisant chacun une maison ?loup
98%
Complétez ce proverbe : "Qui vole un oeuf vole un...boeuf
98%
Qu'est-ce qui peut être turc, arabica, liégeois ou au lait ?café
97%
Si quelqu'un vous dit que vous avez de "belles mirettes", qu'admire-t-il chez vous ?yeux
95%
De quel pays d'Asie est originaire le plat appelé "Bo Bun", constitué de salade de boeuf et de vermicelles de riz ?Viêtnam
90%
Quelle constellation du zodiaque a pour nom latin : Virgo ?Vierge
84%
Dans quel film Kevin Costner incarne-t-il un garde du corps chargé de protéger une chanteuse incarnée par Whitney Houston ?The Bodyguard
69%
Dans quelle ville se déroule l'action de la série télévisée : "Sous le soleil" ?Saint-Tropez
60%
Quel est le surnom le plus célèbre de Bruce Springsteen ?The Boss
55%
Dans quelle ville japonaise les Jeux olympiques d'hiver ont-ils été organisés en 1972 ?Sapporo
24%

Distribution des résultats

Percentile par nombre de réponses

% des personnes avec chaque résultat

Votre développement - résultats

Vous n’avez pas pris ce quiz